[Event "Online Friendship U12"]
[Site "Tornelo INT"]
[Date "2020.11.21"]
[Round "6.4"]
[White "Slepchuk, Danylo"]
[Black "Dzenisenia, Mikhail"]
[Result "0-1"]
[WhiteElo "1616"]
[BlackElo "1058"]
[PlyCount "84"]
[EventDate "2020.11.21"]
[EventType "team-swiss"]
[EventRounds "7"]
[EventCountry "BLR"]
[SourceTitle "CBM 199 Extra"]
[Source "ChessBase"]
[SourceDate "2021.01.31"]
[SourceVersion "1"]
[SourceVersionDate "2021.01.31"]
[SourceQuality "1"]
[WhiteTeam "Ukraine"]
[BlackTeam "Belarus Minsk"]
[WhiteTeamCountry "UKR"]
[BlackTeamCountry "BLR"]

1. d4 d5 2. c4 c5 3. cxd5 Qxd5 4. e3 cxd4 5. exd4 Nc6 6. Nf3 Bg4 7. Nc3 Qd7 8. Be3 e6 9. Bb5 Bd6 10. h3 Bh5 11. d5 Nf6 12. dxc6 bxc6 13. Ba4 Rb8 14. Rc1 Rxb2 15. Ne4 Bb4+ 16. Ned2 0-0 17. Rc2 Bxf3 18. gxf3 Rxc2 19. Qxc2 Nd5 20. Ke2 Nc3+ 21. Ke1 Nd5 22. Bxc6 Nxe3 23. fxe3 Qc7 24. Be4 Bxd2+ 25. Qxd2 Rd8 26. Qc2 Qg3+ 27. Kf1 f5 28. Bc6 Rc8 29. Qc4 Qd6 30. Rg1 Rxc6 31. Qd4 Qxd4 32. exd4 Rd6 33. Kf2 Rxd4 34. Ke3 Ra4 35. Ra1 f4+ 36. Kf2 Ra3 37. h4 h5 38. Ke2 Kf7 39. Kf2 Kf6 40. Ke2 Kf5 41. Kf2 e5 42. Ke2 e4 0-1

[Event "Online Friendship U12"]
[Site "Tornelo INT"]
[Date "2020.11.21"]
[Round "1.4"]
[White "Tulebay, Yedige"]
[Black "Slepchuk, Danylo"]
[Result "0-1"]
[WhiteElo "1185"]
[BlackElo "1616"]
[PlyCount "84"]
[EventDate "2020.11.21"]
[EventType "team-swiss"]
[EventRounds "7"]
[EventCountry "BLR"]
[SourceTitle "CBM 199 Extra"]
[Source "ChessBase"]
[SourceDate "2021.01.31"]
[SourceVersion "1"]
[SourceVersionDate "2021.01.31"]
[SourceQuality "1"]
[WhiteTeam "Kazakhstan"]
[BlackTeam "Ukraine"]
[WhiteTeamCountry "KAZ"]
[BlackTeamCountry "UKR"]

1. e4 c6 2. d4 d5 3. e5 c5 4. dxc5 e6 5. Be3 Nd7 6. Bb5 a6 7. Ba4 Qc7 8. b4 Qxe5 9. Qd4 Qxd4 10. Bxd4 f6 11. f4 Kf7 12. Nf3 Rb8 13. a3 Nh6 14. Nbd2 Nf5 15. c3 h5 16. Kf2 b5 17. Bc2 Bb7 18. Rhe1 Bc6 19. Bxf5 exf5 20. Nh4 g6 21. Nhf3 Bh6 22. g3 Rhe8 23. Nb3 Re4 24. Na5 Ba8 25. Be3 Rbe8 26. Nd4 Nf8 27. Rad1 Ne6 28. Nab3 Nd8 29. Re2 Nc6 30. Nxc6 Bxc6 31. Nd4 Ba8 32. Nb3 g5 33. Rd4 gxf4 34. gxf4 Bxf4 35. Nd2 Bxe3+ 36. Kf1 Bxd4 37. Nxe4 Rxe4 38. Rxe4 dxe4 39. cxd4 Ke6 40. Ke2 Kd5 41. Ke3 f4+ 42. Kxf4 Kxd4 0-1

[Event "Wch U08 blitz"]
[Site "Minsk"]
[Date "2018.06.24"]
[Round "7"]
[White "Usov, Aleksandr E"]
[Black "Slepchuk, Danylo"]
[Result "0-1"]
[WhiteElo "1877"]
[BlackElo "1397"]
[PlyCount "108"]
[EventDate "2018.06.24"]
[EventType "swiss (blitz)"]
[EventRounds "9"]
[EventCountry "BLR"]
[SourceTitle "EXT 2019"]
[Source "ChessBase"]
[SourceDate "2018.10.10"]
[SourceVersion "1"]
[SourceVersionDate "2018.10.10"]
[SourceQuality "1"]

1. d4 Nf6 2. Nf3 e6 3. c4 d5 4. Nc3 Bb4 5. Bg5 0-0 6. e3 c6 7. cxd5 exd5 8. Bxf6 Qxf6 9. Bd3 Bg4 10. 0-0 Nd7 11. a3 Ba5 12. b4 Bc7 13. Kh1 Qh6 14. h3 Nf6 15. Be2 Bxh3 16. gxh3 Qxh3+ 17. Kg1 Ng4 18. e4 Bh2+ 19. Kh1 Bf4+ 20. Kg1 Nh2 21. Re1 Ng4 22. Rf1 Ne3 23. fxe3 Bxe3+ 24. Rf2 Qg3+ 25. Kh1 Bxf2 26. Qf1 Bxd4 27. Nxd4 Qxc3 28. Nf5 Rae8 29. Qg2 Qxa1+ 30. Kh2 Rxe4 31. Bd3 Qe5+ 32. Ng3 Re3 33. Bc2 Rxg3 34. Qxg3 Qxg3+ 35. Kxg3 Re8 36. Kf4 Re2 37. Bd3 Ra2 38. b5 Rxa3 39. bxc6 Rxd3 40. c7 Rc3 41. c8Q+ Rxc8 42. Ke5 b5 43. Kxd5 b4 44. Kd6 b3 45. Kd7 Rc1 46. Kd6 b2 47. Kd5 b1Q 48. Kd4 Qb2+ 49. Kd5 Qb3+ 50. Kd4 Rc4+ 51. Kd5 Qb5+ 52. Kd6 Rc6+ 53. Ke7 Qb7+ 54. Ke8 Rc8# 0-1